[Event "Moia op 8th"]
[Site "Moia"]
[Date "2019.10.25"]
[Round "4.7"]
[White "Roca Codina, Josep"]
[Black "Ambros Pladellorens, Jordi"]
[Result "0-1"]
[WhiteElo "1580"]
[BlackElo "1731"]
[PlyCount "95"]
[EventDate "2019.09.20"]
[EventType "swiss"]
[EventRounds "8"]
[EventCountry "ESP"]
[SourceTitle "EXT 2024"]
[Source "ChessBase"]
[SourceDate "2023.10.10"]
[SourceVersion "1"]
[SourceVersionDate "2023.10.10"]
[SourceQuality "1"]

1. d4 d5 2. Nf3 Nf6 3. b3 Bf5 4. Nh4 Bg6 5. Nxg6 hxg6 6. Nd2 Qd6 7. g3 Nbd7 8. Bg2 e6 9. Bb2 Qb6 10. e3 a5 11. a4 Be7 12. 0-0 c6 13. e4 dxe4 14. Nxe4 Nxe4 15. Bxe4 Nf6 16. Bg2 Rd8 17. Qe2 Rd7 18. Rad1 0-0 19. Bh1 Rfd8 20. Bf3 Bf8 21. Kg2 Qc7 22. Rd3 Ne8 23. Rfd1 Be7 24. Kg1 Bf6 25. c3 Qb6 26. Qc2 Nc7 27. Bg2 Nd5 28. Bxd5 Rxd5 29. c4 R5d7 30. g4 c5 31. g5 Be7 32. f4 cxd4 33. Qf2 Bc5 34. Qf3 Qc6 35. Kg2 f6 36. h4 e5 37. Qxc6 bxc6 38. fxe5 fxg5 39. hxg5 Kf7 40. Kf3 Ke6 41. Ke4 Rh8 42. Bc1 Rh4+ 43. Kf3 Rd8 44. Rg1 Rh3+ 45. Rg3 Rxg3+ 46. Kxg3 Kxe5 47. Rf3 Rd7 48. Rf2 0-1

[Event "Moia op 5th"]
[Site "Moia"]
[Date "2016.10.21"]
[Round "4"]
[White "Canovas Pardo, Jordi"]
[Black "Roca Codina, Josep"]
[Result "1-0"]
[WhiteElo "1793"]
[BlackElo "1665"]
[PlyCount "77"]
[EventDate "2016.09.23"]
[EventType "swiss"]
[EventRounds "8"]
[EventCountry "ESP"]
[SourceTitle "EXT 2018"]
[Source "ChessBase"]
[SourceDate "2017.10.13"]
[SourceVersion "1"]
[SourceVersionDate "2017.10.13"]
[SourceQuality "1"]

1. c4 d5 2. cxd5 Qxd5 3. Nc3 Qd8 4. d4 Nf6 5. e4 c6 6. Nf3 Bg4 7. Be2 Bxf3 8. Bxf3 e6 9. 0-0 Be7 10. Be3 0-0 11. e5 Nd5 12. Be4 Nxe3 13. fxe3 f6 14. Qb3 Qd7 15. Bf5 Kh8 16. Bxe6 Qc7 17. exf6 Bxf6 18. Rf3 a5 19. Raf1 Na6 20. a3 Qe7 21. Bf5 b5 22. Qe6 Qxe6 23. Bxe6 b4 24. Ne4 Be7 25. Rxf8+ Rxf8 26. Rxf8+ Bxf8 27. a4 Nc7 28. Bd7 Nd5 29. Kf2 Ne7 30. Nc5 Nd5 31. Bxc6 Nb6 32. Nb7 Nc4 33. b3 Nd2 34. Bd5 g6 35. Nxa5 Bd6 36. h3 Nb1 37. Nc6 Nc3 38. Bf3 Kg7 39. a5 1-0

[Event "Moia op 5th"]
[Site "Moia"]
[Date "2016.09.30"]
[Round "2"]
[White "Vila Cairo, Gerard"]
[Black "Roca Codina, Josep"]
[Result "1-0"]
[WhiteElo "2029"]
[BlackElo "1665"]
[PlyCount "73"]
[EventDate "2016.09.23"]
[EventType "swiss"]
[EventRounds "8"]
[EventCountry "ESP"]
[SourceTitle "EXT 2018"]
[Source "ChessBase"]
[SourceDate "2017.10.13"]
[SourceVersion "1"]
[SourceVersionDate "2017.10.13"]
[SourceQuality "1"]

1. Nf3 d5 2. b3 Bg4 3. Bb2 Bxf3 4. exf3 Nd7 5. f4 e6 6. g3 Ngf6 7. Bg2 c6 8. 0-0 Qc7 9. Re1 0-0-0 10. a4 h5 11. d4 h4 12. c4 Bb4 13. Bc3 Bxc3 14. Nxc3 Rdg8 15. c5 g5 16. fxg5 Rxg5 17. b4 hxg3 18. hxg3 Nh5 19. Re3 Rhg8 20. Ne2 f5 21. Rxe6 f4 22. Ra3 fxg3 23. f3 Nf4 24. Re7 Nxg2 25. Kxg2 Rh5 26. Rae3 Rh2+ 27. Kg1 Kd8 28. f4 Rgh8 29. Qd3 Rh1+ 30. Kg2 R1h2+ 31. Kf3 g2 32. Ng1 Rf8 33. Qf5 Rhh8 34. Qg5 Rxf4+ 35. Qxf4 Rf8 36. Rxd7+ Qxd7 37. Qxf8+ 1-0

[Event "Moia op 4th"]
[Site "Moia"]
[Date "2015.10.30"]
[Round "7"]
[White "Benet Saniger, Xavier"]
[Black "Roca Codina, Josep"]
[Result "1/2-1/2"]
[WhiteElo "1986"]
[BlackElo "1782"]
[PlyCount "52"]
[EventDate "2015.09.18"]
[EventType "swiss"]
[EventRounds "8"]
[EventCountry "ESP"]
[SourceTitle "EXT 2017"]
[Source "ChessBase"]
[SourceDate "2016.10.25"]
[SourceVersion "1"]
[SourceVersionDate "2016.10.25"]
[SourceQuality "1"]

1. d4 Nf6 2. c4 d5 3. cxd5 Nxd5 4. e4 Nf6 5. Nc3 e6 6. Bg5 Be7 7. Nf3 0-0 8. Bd3 Nbd7 9. 0-0 c5 10. e5 Nd5 11. Bxe7 Qxe7 12. Ne4 h6 13. Rc1 cxd4 14. Nd6 Nxe5 15. Nxc8 Nxf3+ 16. Qxf3 Raxc8 17. Qe4 Nf6 18. Qxd4 b6 19. Ba6 Rxc1 20. Rxc1 Rd8 21. Qf4 e5 22. Qe3 Qd6 23. Re1 e4 24. h3 Qd2 25. Qe2 Qxe2 26. Rxe2 Re8 1/2-1/2

[Event "Moia op 2nd"]
[Site "Moia"]
[Date "2013.10.25"]
[Round "6"]
[White "Ambros Pladellorens, Jordi"]
[Black "Roca Codina, Josep"]
[Result "1/2-1/2"]
[WhiteElo "1864"]
[BlackElo "1701"]
[PlyCount "182"]
[EventDate "2013.09.20"]
[EventType "swiss"]
[EventRounds "8"]
[EventCountry "ESP"]
[SourceTitle "EXT 2015"]
[Source "ChessBase"]
[SourceDate "2014.11.20"]
[SourceVersion "1"]
[SourceVersionDate "2014.11.20"]
[SourceQuality "1"]

1. e4 d5 2. exd5 Nf6 3. d4 Nxd5 4. h3 Bf5 5. Nf3 e6 6. Be2 Be7 7. 0-0 0-0 8. a3 Nd7 9. c4 N5f6 10. Nc3 c5 11. Be3 a6 12. Nh4 Be4 13. Bf3 Bxf3 14. Nxf3 Qc7 15. b3 Rad8 16. Qc2 Rfe8 17. Rfd1 cxd4 18. Nxd4 Nf8 19. a4 Rd7 20. Nf3 Rxd1+ 21. Rxd1 Ng6 22. Nd2 Rd8 23. Nde4 Rxd1+ 24. Qxd1 Qd8 25. Qxd8+ Bxd8 26. Nd6 Ba5 27. Na2 b5 28. axb5 axb5 29. Nxb5 Nd7 30. b4 Bd8 31. Na7 Nge5 32. c5 Nc4 33. Bc1 Bc7 34. Kf1 Nb8 35. Ke2 Na6 36. f4 e5 37. Kd3 Nd6 38. cxd6 Bxd6 39. Kc4 exf4 40. b5 Nb8 41. Nb4 g5 42. Nd5 Kg7 43. Nc6 Nd7 44. Bb2+ Kg6 45. Bd4 h5 46. b6 Kf5 47. Nd8 g4 48. hxg4+ Kxg4 49. Nxf7 Bb8 50. Bf2 h4 51. Kb5 Nxb6 52. Nxb6 h3 53. gxh3+ Kxh3 54. Ng5+ Kg2 55. Bd4 f3 56. Nd5 Bg3 57. Ne4 f2 58. Nd2 f1Q+ 59. Nxf1 Kxf1 60. Kc4 Ke2 61. Nf6 Bc7 62. Ne4 Bd8 63. Nc3+ Kf3 64. Kd3 Kg4 65. Ke4 Ba5 66. Ne2 Kg5 67. Nf4 Kg4 68. Bf6 Bb4 69. Nd5 Ba5 70. Ne3+ Kg3 71. Be5+ Kf2 72. Bd4 Bd8 73. Ng4+ Ke2 74. Be3 Kf1 75. Kd3 Ke1 76. Nf2 Bc7 77. Ne4 Bd8 78. Bd2+ Kf1 79. Ng3+ Kg1 80. Be1 Bb6 81. Ne2+ Kf1 82. Bd2 Ba7 83. Ng3+ Kg1 84. Bf4 Bb6 85. Bd2 Ba7 86. Be1 Bb6 87. Ne2+ Kf1 88. Bg3 Ba7 89. Nc1 Bb6 90. Nb3 Ba7 91. Nd2+ Kg1 1/2-1/2

[Event "Roncana op-A 5th"]
[Site "Santa Eulalia de Roncana"]
[Date "2011.11.26"]
[Round "8"]
[White "Vegara Gallego, Pere"]
[Black "Roca Codina, Josep"]
[Result "1/2-1/2"]
[WhiteElo "1790"]
[BlackElo "1736"]
[PlyCount "22"]
[EventDate "2011.10.01"]
[EventType "swiss"]
[EventRounds "8"]
[EventCountry "ESP"]
[SourceTitle "EXT 2013"]
[Source "ChessBase"]
[SourceDate "2012.11.22"]
[SourceVersion "1"]
[SourceVersionDate "2012.11.22"]
[SourceQuality "1"]

1. d4 Nf6 2. Bf4 g6 3. Nf3 Bg7 4. e3 b6 5. c3 Bb7 6. Nbd2 0-0 7. Bd3 e6 8. Qc2 d6 9. h3 Re8 10. 0-0-0 Nbd7 11. g4 Nd5 1/2-1/2

[Event "Vic op 31st"]
[Site "Vic"]
[Date "2011.10.18"]
[Round "1"]
[White "Roca Codina, Josep"]
[Black "Codina Rodriguez, Joan"]
[Result "1-0"]
[WhiteElo "1736"]
[BlackElo "1773"]
[PlyCount "87"]
[EventDate "2011.10.18"]
[EventType "swiss"]
[EventRounds "8"]
[EventCountry "ESP"]
[SourceTitle "EXT 2013"]
[Source "ChessBase"]
[SourceDate "2012.11.22"]
[SourceVersion "1"]
[SourceVersionDate "2012.11.22"]
[SourceQuality "1"]

1. Nf3 Nc6 2. d4 d5 3. Bf4 Bf5 4. Nh4 Bg4 5. h3 Bd7 6. Bh2 e5 7. Nf3 e4 8. Ne5 Nxe5 9. dxe5 Bb4+ 10. c3 Be7 11. Qxd5 Bc6 12. Qxd8+ Rxd8 13. Nd2 f5 14. f4 Bh4+ 15. Kd1 e3 16. Kc2 Rxd2+ 17. Kb3 Be7 18. Rg1 a5 19. a4 Nh6 20. g4 0-0 21. g5 Nf7 22. g6 Nh6 23. gxh7+ Kxh7 24. Rg3 Rb8 25. c4 b5 26. axb5 Bxb5 27. cxb5 Rxb5+ 28. Kc4 Rdxb2 29. Rxe3 Rc5+ 30. Kd3 Rb3+ 31. Kd4 Rb4+ 32. Kd3 Rb3+ 33. Kd4 Rb4+ 34. Kd3 Rxf4 35. Bxf4 Rd5+ 36. Kc2 Rc5+ 37. Rc3 Rxc3+ 38. Kxc3 Bb4+ 39. Kc4 c5 40. e6 Kg8 41. Bg2 Kf8 42. Bd6+ Ke8 43. Bc6+ Kd8 44. e7+ 1-0

[Event "Roncana op 4th"]
[Site "Santa Eulalia de Roncana"]
[Date "2010.11.20"]
[Round "8"]
[White "Roca Codina, Josep"]
[Black "Morais Carreras, Javier"]
[Result "0-1"]
[WhiteElo "1752"]
[BlackElo "1965"]
[PlyCount "60"]
[EventDate "2010.10.02"]
[EventType "swiss"]
[EventRounds "9"]
[EventCountry "ESP"]
[SourceTitle "EXT 2012"]
[Source "ChessBase"]
[SourceDate "2011.11.24"]
[SourceVersion "1"]
[SourceVersionDate "2011.11.24"]
[SourceQuality "1"]

1. Nf3 Nf6 2. d4 d5 3. Bg5 e6 4. e3 Be7 5. Bd3 0-0 6. Nbd2 Nbd7 7. 0-0 c5 8. c3 b6 9. Bxf6 Bxf6 10. e4 cxd4 11. cxd4 dxe4 12. Bxe4 Rb8 13. Nc4 Ba6 14. b3 Rc8 15. Rc1 Qe7 16. Re1 Rfd8 17. Nce5 Nxe5 18. Nxe5 Bxe5 19. Rxc8 Bxc8 20. Bxh7+ Kxh7 21. Qh5+ Kg8 22. dxe5 Qd7 23. h4 Qd2 24. Re3 Qd1+ 25. Qxd1 Rxd1+ 26. Kh2 Rd2 27. Rc3 Bb7 28. Rc7 Bd5 29. Kg3 Rxa2 30. b4 a5 0-1

[Event "Santa Eulalia de Roncana 3rd"]
[Site "Santa Eulalia de Roncana"]
[Date "2009.10.24"]
[Round "4.24"]
[White "Roca Codina, Josep"]
[Black "Sanchez Soler, Moises"]
[Result "1-0"]
[WhiteElo "1761"]
[BlackElo "1450"]
[PlyCount "57"]
[EventDate "2009.10.03"]
[EventType "swiss"]
[EventRounds "9"]
[EventCountry "ESP"]
[SourceTitle "EXT 2024"]
[Source "ChessBase"]
[SourceDate "2023.10.10"]
[SourceVersion "1"]
[SourceVersionDate "2023.10.10"]
[SourceQuality "1"]

1. d4 d5 2. Nf3 c6 3. Bf4 Nf6 4. h3 e6 5. e3 Qb6 6. Qc1 Nbd7 7. Bd3 c5 8. c3 c4 9. Bc2 Be7 10. Nbd2 Qc6 11. 0-0 Ne4 12. Nxe4 dxe4 13. Ne5 Nxe5 14. dxe5 f5 15. exf6 Bxf6 16. Qb1 e5 17. Bxe4 Qe6 18. Bh2 h5 19. Qd1 g5 20. Bd5 Qb6 21. Qc2 Rh6 22. Qe4 Qc7 23. f4 Qh7 24. Qxh7 Rxh7 25. fxe5 Be7 26. Bxc4 h4 27. e6 Rh6 28. Bb5+ Kd8 29. Rad1+ 1-0

[Event "Santa Eulalia de Roncana 3rd"]
[Site "Santa Eulalia de Roncana"]
[Date "2009.10.17"]
[Round "3.20"]
[White "Guzman del Rey, Josep"]
[Black "Roca Codina, Josep"]
[Result "1-0"]
[WhiteElo "1699"]
[BlackElo "1761"]
[PlyCount "79"]
[EventDate "2009.10.03"]
[EventType "swiss"]
[EventRounds "9"]
[EventCountry "ESP"]
[SourceTitle "EXT 2024"]
[Source "ChessBase"]
[SourceDate "2023.10.10"]
[SourceVersion "1"]
[SourceVersionDate "2023.10.10"]
[SourceQuality "1"]

1. e4 c5 2. f4 Nc6 3. d3 d6 4. Nf3 g6 5. Be2 e5 6. 0-0 Bg7 7. Nc3 Nf6 8. fxe5 dxe5 9. h3 Qe7 10. Bg5 Qd7 11. Nh2 Ng8 12. Bg4 Qd4+ 13. Kh1 Be6 14. Nb5 Qd7 15. Bxe6 fxe6 16. Qe2 a6 17. Na3 h6 18. Be3 b6 19. Nc4 Qc7 20. Qf3 Nf6 21. Qg3 g5 22. Ng4 0-0-0 23. Nxf6 Rdf8 24. Nh5 Rfg8 25. Nxg7 Rxg7 26. Rf6 h5 27. Raf1 h4 28. Qg4 Nd8 29. Rf8 Rh6 30. Re8 Kb7 31. b4 Nc6 32. bxc5 bxc5 33. Bxc5 Nd4 34. Bd6 Qd7 35. Rb8+ Ka7 36. Rfb1 Nb5 37. a4 Nxd6 38. Nxe5 Qxa4 39. Qe2 Nb7 40. Rc8 1-0